Diccionario medicobiológico University: con vocabulario inglés-español y español-inglés

Guardat en:
Dades bibliogràfiques
Format: Llibre
Idioma:espanyol
Publicat: Ciudad de México Interamericana 1966
Matèries:
Etiquetes: Afegir etiqueta
Sense etiquetes, Sigues el primer a etiquetar aquest registre!

MARC

LEADER 00000nam a2200000 a 4500
001 UCT3379
003 CL-VaPUC
005 20230112074253.0
008 961024e19660000MX |||||||||||||||||spa|d
999 |c 253053  |d 253051 
040 |c Pontificia Universidad Católica de Valparaíso 
082 0 4 |a 610.3 DIC 1966  |2 21 
245 1 0 |a Diccionario medicobiológico University: con vocabulario inglés-español y español-inglés 
260 |a Ciudad de México  |b Interamericana  |c 1966 
300 |a 1501 páginas 
583 |a last modification  |c 19961024 00:00:00  |k Rodrigo Vera 
650 0 |a Medicina   |9 258507 
650 0 |a Diccionarios  |9 256200 
650 0 |a Glosarios  |9 261047 
650 0 |a Biología  |9 262022 
650 0 |a Bioquímica   |9 259492 
650 7 |a ODONTOLOGIA  |2 CL-VaPUC  |9 372312 
650 7 |a ENFERMERIA  |2 CL-VaPUC  |9 358289 
650 7 |a CIENCIAS MEDICAS  |2 CL-VaPUC  |9 337221 
942 |c BK  |2 ddc 
945 |d 19961024 00:00:00  |a cmena 
952 |0 0  |1 0  |2 ddc  |4 0  |6 610_300000000000000_DIC_1966  |7 0  |8 F  |9 273494  |a BIBGIM  |b BIBGIM  |d 2019-11-19  |i 3892638  |o 610.3 DIC 1966  |p 3892638  |r 2025-01-15  |t 4  |w 2019-11-19  |y BK_F  |k GIM 
952 |0 0  |1 0  |2 ddc  |4 0  |6 610_300000000000000_DIC_1966  |7 0  |8 X  |9 273495  |a BIBCUR  |b BIBCUR  |d 2019-11-19  |i 208712K  |o 610.3 DIC 1966  |p 208712K  |r 2025-04-22  |t 2  |w 2019-11-19  |y BK_X  |k BIO